00976 2200349 4500001002100000005001700021008004100038020002200079035002500101040001200126082001600138084002000154100001200174245009100186250001100277260003200288300003200320504002700352650003900379700002100418700001300439850001200452990001800464990001800482990001800500990001800518990001800536990001800554990001800572990001800590990001800608INLIS00000000000561620150804095402.0  a978-602-7874-67-1 a0010-051500000000749 aYOPDYOG 223a371.271 aQ 371.271 Har P aHARYONO aPasti lulus UN SMP/MTs MAPEL IPA 2014c/ Haryono dan Erwin Widiasworo; Editor, Rose KR aCet. 1 aSlemanbAr-Ruzz Mediac2014 a456 hlm.b: ilus.c; 26 cm. aBibliografi : hlm. 455 aIPA (SMP/MTs) -- Ujian, soal, dsb. aERWIN Widiasworo aROSE KR. aYOPDYOG a12987-PD/B.15 a12988-PD/B.15 a12989-PD/B.15 a12987-PD/B.15 a12988-PD/B.15 a12989-PD/B.15 a12988-PD/B.15 a12987-PD/B.15 a12989-PD/B.15